| 000 | 01893nam a2200277Ia 4500 | ||
|---|---|---|---|
| 999 |
_c55995 _d55995 |
||
| 001 | 23094 | ||
| 003 | GE_BSU | ||
| 005 | 20230711174853.0 | ||
| 008 | 181216s1951||||ge |||||||||||||| ||geo|| | ||
| 040 | _cGE_BSU | ||
| 041 | _ageo | ||
| 080 | _a821.134.2-31 | ||
| 100 |
_aსერვანტეს საავედრა, მიგელ დე _912655 |
||
| 245 |
_aმახვილგონიერი იდალგო დონკიხოტ ლამანჩელი. ტ. 1 / _cმიგელ დე სერვანტეს საავედრა ; თარგმ. ნ. ავალიშვილისა ; ნ. აგიაშვილის რედაქციით ; წინასიტყვ. და შენიშვნ. რედ. დ. სეფიაშვილი. ; წინასიტყვ. და შენიშვნ. რედ. დ. სეფიაშვილი |
||
| 264 |
_aთბილისი : _bსაბლიტგამი, _c1951. |
||
| 300 |
_a588 გვ. : _bილ. [2] ფ. პორტრეტი. |
||
| 500 | _aგაშლილი თავფურც. სათაური ფრანგულ ენაზე | ||
| 500 | _aდანართი : პირველი ტომის შენიშვნები : გვ. 557-87 | ||
| 520 | _aგაშლილი თავფურც. სათაური ფრანგულ ენაზე. | ||
| 541 | _h4 ლ. | ||
| 653 | _aმახვილგონიერი იდალგო დონკიხოტ ლამანჩელი ტ. 1 | ||
| 700 |
_aავალიშვილი, ნ. _eმთარგმნელი _95257 |
||
| 700 |
_aაგიაშვილი, ნ. _eრედაქტორი _919252 |
||
| 700 |
_aსეფიაშვილი, დ. _eრედაქტორი _919253 |
||
| 942 |
_cBK _2udc |
||